| 000 | 00715nam a2200229 i 4500 | ||
|---|---|---|---|
| 001 | 73962 | ||
| 003 | ES-MaACL | ||
| 005 | 20251009063051.0 | ||
| 007 | t| | ||
| 008 | 040914s1966 sp |||| | spa d | ||
| 080 | _a821.134.2-14"19" | ||
| 110 | 1 |
_a _9242329 |
|
| 245 | 1 | 0 |
_aPoesías elegidas / _cFernando González ; [selección y prólogo de Joaquín Artiles]. |
| 260 |
_a[Las Palmas : _bCabildo Insular de Gran Canaria, _c1966] |
||
| 300 |
_aXXXVI, 37-194 p. ; _c24 cm. |
||
| 490 | 1 |
_aLengua y literatura ; _v1 |
|
| 700 | 1 |
_aArtiles, Joaquín. _923480 |
|
| 830 | 0 |
_aLengua y literatura ; _v1 _9230935 |
|
| 852 |
_aES-MaACL _jC-34353 |
||
| 852 |
_aES-MaACL _jC-37658 |
||
| 999 |
_c73962 _d73962 |
||